000
002570000a22001210004500
041
0
_a
SPA
082
0
4
_a
CD 014
110
1
_a
Zamora Editores Ltda.
245
1
0
_a
Enciclopedia autodidáctica : Interactiva
505
0
0
_a
Geografia
001
1010
942
_c
LGB
999
_c
48186
_d
48186